A New Testament biblical theology : (Record no. 10840)

MARC details
000 -LEADER
fixed length control field 02176cam a2200313 a 4500
001 - CONTROL NUMBER
control field 699760262
003 - CONTROL NUMBER IDENTIFIER
control field OCoLC
005 - DATE AND TIME OF LATEST TRANSACTION
control field 20220227212048.0
008 - FIXED-LENGTH DATA ELEMENTS--GENERAL INFORMATION
fixed length control field 110630s2011 miu b 001 0 eng
010 ## - LIBRARY OF CONGRESS CONTROL NUMBER
LC control number 2011027290
020 ## - INTERNATIONAL STANDARD BOOK NUMBER
International Standard Book Number 9780801026973 (cloth : alk. paper)
020 ## - INTERNATIONAL STANDARD BOOK NUMBER
International Standard Book Number 0801026970 (cloth : alk. paper)
035 ## - SYSTEM CONTROL NUMBER
System control number (OCoLC)699760262
040 ## - CATALOGING SOURCE
Original cataloging agency DLC
Transcribing agency DLC
Modifying agency YDX
-- BTCTA
-- YDXCP
-- DTM
-- SGB
-- BWX
-- MZN
050 00 - LIBRARY OF CONGRESS CALL NUMBER
Classification number BS2397
Item number .B39 2011
082 ## - DEWEY DECIMAL CLASSIFICATION NUMBER
Edition number REF 230
Item number B366N
090 ## - LOCALLY ASSIGNED LC-TYPE CALL NUMBER (OCLC); LOCAL CALL NUMBER (RLIN)
Classification number (OCLC) (R) ; Classification number, CALL (RLIN) (NR) BS2397
Local cutter number (OCLC) ; Book number/undivided call number, CALL (RLIN) .B39 2011
100 1# - MAIN ENTRY--PERSONAL NAME
Personal name Beale, G. K.
Fuller form of name (Gregory K.),
Dates associated with a name 1949-
245 12 - TITLE STATEMENT
Title A New Testament biblical theology :
Remainder of title the unfolding of the Old Testament in the New /
Statement of responsibility, etc. G.K. Beale
260 ## - PUBLICATION, DISTRIBUTION, ETC.
Place of publication, distribution, etc. Grand Rapids, Mich. :
Name of publisher, distributor, etc. Baker Academic,
Date of publication, distribution, etc. c2011
300 ## - PHYSICAL DESCRIPTION
Extent xxiv, 1047 p. ;
Dimensions 24 cm
504 ## - BIBLIOGRAPHY, ETC. NOTE
Bibliography, etc. note Includes bibliographical references (p. 963-987) and indexes
505 2# - FORMATTED CONTENTS NOTE
Formatted contents note Pt. 1. The biblical-theological storyline of Scripture -- pt. 2. The story of the inaugurated-time tribulation -- pt. 3. The story of the inaugurated end-time resurrection and new-creational kingdom as a framework for New Testament theology -- pt. 4. The story of idolatry and restoration as God's image in the inaugurated new creation -- pt. 5. The story of salvation as inaugurated end-time new creation -- pt. 6. The story of the work of the Spirit in the inaugurated end-time new creation -- pt. 7. The story of the Church as end-time Israel in the inaugurated new creation -- pt. 8. The distinguishing marks of the church as storyline facets of the end-time inaugurated new creation -- pt. 9. The story of Christian living as inaugurated end-time new-creational life -- pt. 10. Conculsion
520 ## - SUMMARY, ETC.
Summary, etc. G. K. Beale examines how the New Testament storyline relates to and develops the Old Testament storyline. Beale argues that every major concept of the New Testament is a development of a concept from the Old and is to be understood as a facet of the inauguration of the latter-day new creation and kingdom. --from publisher description
630 00 - SUBJECT ADDED ENTRY--UNIFORM TITLE
Uniform title Bible
General subdivision Theology
630 00 - SUBJECT ADDED ENTRY--UNIFORM TITLE
Uniform title Bible.
Name of part/section of a work New Testament
General subdivision Theology
630 00 - SUBJECT ADDED ENTRY--UNIFORM TITLE
Uniform title Bible.
Name of part/section of a work New Testament
General subdivision Relation to the Old Testament
942 ## - ADDED ENTRY ELEMENTS (KOHA)
Source of classification or shelving scheme Dewey Decimal Classification
Koha item type Books
Holdings
Withdrawn status Lost status Source of classification or shelving scheme Damaged status Not for loan Collection code Home library Current library Shelving location Date acquired Total Checkouts Full call number Barcode Date last seen Price effective from Koha item type
    Dewey Decimal Classification   Not For Loan Reference Harvest Mission College Harvest Mission College Reference 27.02.2022   REF 230 B366N 012680 27.02.2022 27.02.2022 Reference

OPAC Designed and Maintained by HMC Library Team.
Copyright © HMC Library,Greater Noida, UP.
For any Suggestions/Query Contact library via Email:libhmc@gmail.com